000 00782aas a2200217 4500
999 _c3404
_d3404
003 BR-BrBNA
005 20230317233803.0
007 ta
008 230119b bl ||||| |||| 00| 0 por d
035 _a000485-5
040 _aBR-BrBNA
_bPor
_cBR-BrBNA
042 _aN
044 _abl
245 _aProgramas e Projetos - Empresa de Assistência Técnica e Extensão Rural do Rio Grande do Norte (Brazil)
260 _aNatal-RN
_bEmpresa de Assistência Técnica e Extensão Rural do Rio Grande do Norte
_c1980. Data final de publicação em 1988
_eBRN
270 _aKm 0 - BR 101 - Bloco EMATER - Lagoa Nova - Caixa Postal 261
310 _airregular
505 _a1977-78 (1-2); 1980-82 (5-6); 1983 (nov); 1984 (nov); 1988 (21doc.ext);
909 _a56
_bSergio Santos
_c56
_dSergio Santos
942 _cCR
_2AGRIS